Pets e torretas do Brawl stars - Statistics

Estatísticas Gerais
  • Esse quiz foi jogado 6 vezes
  • A pontuação média é 3 de 9
Estatísticas das Respostas
Hint Resposta % Correto
NIta Bruce
83%
Nani Peep
50%
Bonnie Clyde
33%
Juju Gris Gris
33%
Jessie Lata Velha
33%
Mister P Ciber Porteiros
17%
Penny Lenny
17%
8-Bit Amplia dano
0%
Otis Cil
0%
Nenhum quiz correspondente encontrado
Distribuição das Pontuações
Porcentagem de Pessoas com Cada Pontuação
Percentil de Números Respondidos
Sua Pontuação Histórica
Você não jogou esse quiz